عرض عادي
عرض مارك
- الدوري، عبد الغني محمد عبد العزيز،
دخول Personal Name
001 - CONTROL NUMBER
- control field: 26772
003 - CONTROL NUMBER IDENTIFIER
- control field: AE-AdECS
005 - DATE AND TIME OF LATEST TRANSACTION
- control field: 20260223090254.0
008 - FIXED-LENGTH DATA ELEMENTS
- fixed length control field: 260223|| aca||aabn | a|a d
040 ## - CATALOGING SOURCE
- Original cataloging agency: AE-AdECS
- Transcribing agency: AE-AdECS
100 ## - HEADING--PERSONAL NAME
- Personal name: الدوري، عبد الغني محمد عبد العزيز،
670 ## - SOURCE DATA FOUND
- Source citation: Work cat.: (AE-AdECS)294241: الدوري، عبد الغني محمد عبد العزيز، مؤلف., السياسة المائية التركية وأثرها على الأمن القومي العربي /
